000
00235nam a2200109Ia 4500
999
_c
7626
_d
7626
020
_a
978-0070678163
100
_a
Elaine Rich
245
0
_a
Artificial Intelligence
260
_a
India
_b
McGraw Hill
_c
1991
300
_a
620
942
_c
BK